Tapping the government grapevine : the user-friendly guide to U.S. Government information sources /

Bibliographic Details
Main Author: Robinson, Judith Schiek, 1947-
Format: Book
Language:English
Published: Phoenix : Oryx Press, 1988.
Subjects:

MARC

Tag First Indicator Second Indicator Subfields
LEADER 00000cam a2200000 a 4500
001 in00000033242
005 20151007060536.0
008 871002s1988 azua b 00110 eng
010 |a  87028215  
020 |a 0897745205 (pbk.) 
020 |a 089774179X (hard) 
035 |a (OCoLC)16868540 
035 |9 AAC1096AM 
040 |a DLC  |c DLC  |d TXA  |d UtOrBLW 
043 |a n-us--- 
049 |a TXAM [Also in] [Docs]  |c 1 [A11526715]  |c 2 [A12998282] 
050 0 0 |a Z1223.Z7  |b R633 1988  |a J83 
082 0 |a 025.17/34  |2 19 
100 1 |a Robinson, Judith Schiek,  |d 1947- 
245 1 0 |a Tapping the government grapevine :  |b the user-friendly guide to U.S. Government information sources /  |c by Judith Schiek Robinson. 
264 1 |a Phoenix :  |b Oryx Press,  |c 1988. 
300 |a 193 pages :  |b illustrations ;  |c 28 cm. 
336 |a text  |b txt  |2 rdacontent 
337 |a unmediated  |b n  |2 rdamedia 
338 |a volume  |b nc  |2 rdacarrier 
504 |a Includes bibliographies and index. 
650 0 |a Government publications  |z United States  |x Information services  |z United States. 
999 |a MARS 
999 f f |s 9790e1f4-ca1f-3f5f-9397-3ff712ef13eb  |i ee8d68dd-3ed3-300a-8ec3-4a9b4b74fd1f  |t 0 
952 f f |p ric  |a Texas A&M University  |b Rellis Campus  |c Joint Library Facility  |s JLF  |d Remote Storage  |t 0  |e Z1223.Z7 R633 1988  |h Library of Congress classification  |i unmediated -- volume  |m A14811526715 
998 f f |a Z1223.Z7 R633 1988  |t 0  |l Remote Storage